000 01025cam a2200277 a 4500
001 17360217
005 20150219153143.0
008 120621t2013 xxua frb 001 0 eng d
020 _a9781455707621
040 _aDNLM/DLC
_cDLC
_dDLC
_dEG-ScBUE
043 _an-us---
082 0 0 _a610.7343
_222
_bCOM
245 0 0 _aCommunity / public health nursing practice :
_bhealth for families and populations /
_c[edited by] Frances A. Maurer, Claudia M. Smith.
250 _a5th ed.
260 _aSt. Louis, United States :
_bElsevier Saunders,
_cc.2013.
300 _axviii, 870 p. :
_bill. (col.) ;
_c28 cm.
500 _aIndex : p. 841-870.
504 _aIncludes bibliographical references.
650 0 _aCommunity health nursing
_zUnited States
_936111
650 0 _aPublic Health Nursing
_zUnited States
_936112
653 _cSeptember2014
_cFebruary2015
_bNNUR
655 _vreading book
_934232
700 1 _aMaurer, Frances A.
_936113
_eeditor.
700 1 _aSmith, Claudia M.
_eeditor.
_936114
942 _2ddc
_k610.7343 COM
999 _c18417
_d18389